000 01255nam a2200361 c 4500
999 _c133893
_d133893
003 BLK
005 20220224100711.0
008 180409b bul|||||r ||||||| ||bul||
010 _aKNG00139796000
020 _a978-954-8675-47-5
040 _aBLK
041 _aBUL
_cBUL
072 7 _2bullib
_aЯ
_xАвтографи
072 7 _2bullib
_aН84
_xБългарска художествена литература Н
072 7 _2bullib
_aК
_xКраезнание
080 _aБългарска литература
_b821.163.2
_x-32
_z821.163.2-32
100 1 _aВасилева, Стела Александрова
_eпърви автор
_9324135
139 _aВасилева, Стела Александрова
_bВ 24
245 1 0 _aГрешната страна на огледалото
_cСтела Александрова Василева.
257 _aBGR
260 _bПримакс
_c2012
300 _a44 с.
_c20 см
380 _aX
500 _a40 тир.
659 _aК
659 _aН
659 _aЯ
852 _aЦб 258408
852 _aК 821.163.2/В 24 С
856 4 _qpdf
856 4 _qpdf
942 _cKNG
_n0
_s1
944 _aCR
_c20.02.2013
_lф /
_kЛюдмила_Стоянова
944 _aED
_c21.03.2013
_lф /
999 _d133893